| Tag |
First Indicator |
Second Indicator |
Subfields |
| LEADER |
00000cam a2200000 a 4500 |
| 001 |
in00000030930 |
| 005 |
20151007054911.0 |
| 008 |
870707s1988 mau b 00110 eng |
| 010 |
|
|
|a 87020002
|
| 020 |
|
|
|a 0897891074 (pbk. : alk. paper) :
|c $16.95
|
| 020 |
|
|
|a 0897891066 (alk. paper) :
|c $34.95
|
| 035 |
|
|
|a (OCoLC)16646107
|
| 035 |
|
|
|9 AAB6573AM
|
| 040 |
|
|
|a DLC
|c DLC
|d TXA
|d UtOrBLW
|
| 049 |
|
|
|a TXAM
|c [A11522559]
|
| 050 |
0 |
0 |
|a B945.M2984
|b P56 1988
|
| 082 |
0 |
|
|a 191
|2 19
|
| 100 |
1 |
|
|a Pippin, Robert B.,
|d 1948-
|
| 245 |
1 |
0 |
|a Marcuse :
|b critical theory & the promise of utopia /
|c Robert Pippin, Andrew Feenberg, Charles P. Webel & contributors.
|
| 264 |
|
1 |
|a South Hadley, Mass. :
|b Bergin & Garvey,
|c 1988.
|
| 300 |
|
|
|a xiv, 274 pages ;
|c 23 cm.
|
| 336 |
|
|
|a text
|b txt
|2 rdacontent
|
| 337 |
|
|
|a unmediated
|b n
|2 rdamedia
|
| 338 |
|
|
|a volume
|b nc
|2 rdacarrier
|
| 504 |
|
|
|a Bibliography: pages 257-267.
|
| 500 |
|
|
|a Includes index.
|
| 600 |
1 |
0 |
|a Marcuse, Herbert,
|d 1898-1979.
|
| 700 |
1 |
|
|a Feenberg, Andrew.
|
| 700 |
1 |
|
|a Webel, Charles.
|
| 999 |
|
|
|a MARS
|
| 999 |
f |
f |
|s bd582bb8-84ff-3126-8f03-9c81b5021a48
|i ec54db7f-f2d8-384b-988f-f0eacb100d99
|t 0
|
| 952 |
f |
f |
|p ric
|a Texas A&M University
|b Rellis Campus
|c Joint Library Facility
|d Remote Storage
|t 0
|e B945.M2984 P56 1988
|h Library of Congress classification
|i unmediated -- volume
|m A14811522559
|
| 998 |
f |
f |
|a B945.M2984 P56 1988
|t 0
|l Remote Storage
|